| 000 | 11060nam a22008057a 4500 | ||
|---|---|---|---|
| 005 | 20110214152149.0 | ||
| 010 | _aB-439040-087 | ||
| 020 |
_a9788123758312 _c25.00 |
||
| 035 | _aB-439040-087 | ||
| 037 | _bनेशनल बुक ट्रस्ट | ||
| 037 | _bब्ल्यू बेरी | ||
| 082 | _aक | ||
| 245 |
_aअंतिम टिकट एंव अन्य कहानियां / _cमनोरमा दीवान द्वारा चित्रांकित |
||
| 260 |
_aनई दिल्ली _bनेशनल बुक ट्रस्ट, इंडिया _c2010 |
||
| 270 |
_aनेहरू भवन, 5 इंस्टीटयूशनल एरिया, फेज-11 वसंत कुंज _bनई दिल्ली _e110070 |
||
| 300 |
_a125पृ. _bसचित्र _c22सेमी.(अजिल्द) |
||
| 490 |
_aएशिया-प्रशांत सहप्रकाशन कार्यक्रम _930229 |
||
| 700 |
_aदीवान, मनोरमा _925915 |
||
| 942 |
_2ddc _cCH _hक _mअंतिम |
||
| 999 |
_c50536 _d50536 |
||